| 000 | 00568nam a2200229Ia 4500 | ||
|---|---|---|---|
| 003 | 0100 | ||
| 008 | 130303s9999 xx 000 0 und d | ||
| 020 | _a0521402999 | ||
| 040 | _cARRUPELIB | ||
| 050 | _aB2894.Z8613 1994 | ||
| 100 | _aSchelling, F. W. J. Von | ||
| 245 | _aOn the history of modern philosophy | ||
| 260 | _aCambridge | ||
| 260 | _bCambridge University Press | ||
| 260 | _C1994 | ||
| 300 | _axi | ||
| 300 | _b 195p. 23cm. | ||
| 440 | _aTexts in German philosophy | ||
| 650 | _aPHILOSOPHY | ||
| 700 | _aBowie, Andrew (tr.) | ||
| 942 | 0 | 0 | _06 |
| 999 |
_c13183 _d13183 |
||